[Event "Yerevan Margaryan Memorial GM"]
[Site "Yerevan"]
[Date "2024.01.13"]
[Round "6"]
[White "Shuvalova, Polina"]
[Black "Ivanov, Sergey"]
[Result "1/2-1/2"]
[WhiteElo "2475"]
[BlackElo "2462"]
[PlyCount "92"]
[EventDate "2024.01.08"]
[EventType "tourn"]
[EventRounds "9"]
[EventCountry "ARM"]
[EventCategory "8"]
[SourceTitle "CBM 218 Extra"]
[Source "ChessBase"]
[SourceDate "2024.03.31"]
[SourceVersion "1"]
[SourceVersionDate "2024.03.31"]
[SourceQuality "1"]

1. e4 c5 2. Nf3 Nf6 3. Nc3 d5 4. exd5 Nxd5 5. Bb5+ Bd7 6. Ne5 Bxb5 7. Qf3 f6 8. Nxb5 Na6 9. Qh5+ g6 10. Nxg6 hxg6 11. Qxh8 Qd7 12. Qh4 Qxb5 13. c4 Qb4 14. Qe4 Ndc7 15. Qxg6+ Kd7 16. b3 Qb6 17. 0-0 Rd8 18. Bb2 Kc8 19. Bc3 Ne6 20. h4 Qd6 21. Rae1 Nac7 22. Re4 Kb8 23. g3 b5 24. a3 b4 25. axb4 cxb4 26. c5 Nxc5 27. Rxb4+ Ka8 28. h5 Qd3 29. Qxd3 Nxd3 30. Rd4 Rd5 31. Ra1 Kb7 32. Rxd5 Nxd5 33. Ra4 e5 34. Rg4 Ne7 35. Bb4 Nxb4 36. Rxb4+ Kc7 37. Ra4 Nc6 38. g4 Bh6 39. d3 a5 40. Kg2 Kd6 41. Rc4 Kd5 42. Kf1 Bg5 43. Ke1 Nd4 44. Ra4 Nc6 45. Rc4 Nd4 46. Ra4 Nc6 1/2-1/2

[Event "St Petersburg Blitz"]
[Site "St Petersburg"]
[Date "2021.12.12"]
[Round "10"]
[White "Ivanov, Sergey"]
[Black "Levin, Evgeny A"]
[Result "1/2-1/2"]
[WhiteElo "2462"]
[BlackElo "2485"]
[PlyCount "54"]
[EventDate "2021.12.12"]
[EventType "tourn (blitz)"]
[EventRounds "21"]
[EventCountry "RUS"]
[EventCategory "11"]
[SourceTitle "CBM 205 Extra"]
[Source "ChessBase"]
[SourceDate "2022.01.31"]
[SourceVersion "1"]
[SourceVersionDate "2022.01.31"]
[SourceQuality "1"]

1. d4 Nf6 2. c4 e6 3. Nf3 b6 4. g3 Bb7 5. Bg2 Be7 6. 0-0 0-0 7. d5 exd5 8. Nh4 c6 9. cxd5 Nxd5 10. Nf5 Nc7 11. e4 d5 12. Nc3 Bf6 13. exd5 cxd5 14. Bf4 Nba6 15. Nd6 Bc6 16. Rc1 Nc5 17. b4 N5e6 18. Nce4 dxe4 19. Rxc6 Nxf4 20. gxf4 Ne6 21. Nxe4 Qxd1 22. Nxf6+ gxf6 23. Rxd1 Rad8 24. Rcd6 Rxd6 25. Rxd6 Nxf4 26. Rxf6 Nxg2 27. Kxg2 Rc8 1/2-1/2

[Event "St Petersburg Blitz"]
[Site "St Petersburg"]
[Date "2021.12.12"]
[Round "18"]
[White "Ivanov, Sergey"]
[Black "Turov, Maxim"]
[Result "1/2-1/2"]
[WhiteElo "2462"]
[BlackElo "2565"]
[PlyCount "96"]
[EventDate "2021.12.12"]
[EventType "tourn (blitz)"]
[EventRounds "21"]
[EventCountry "RUS"]
[EventCategory "11"]
[SourceTitle "CBM 205 Extra"]
[Source "ChessBase"]
[SourceDate "2022.01.31"]
[SourceVersion "1"]
[SourceVersionDate "2022.01.31"]
[SourceQuality "1"]

1. d4 Nf6 2. c4 e6 3. Nf3 Bb4+ 4. Nbd2 d6 5. a3 Bxd2+ 6. Qxd2 Nbd7 7. e3 e5 8. dxe5 dxe5 9. Qc2 0-0 10. Be2 e4 11. Nd2 Nc5 12. 0-0 Bf5 13. b4 Nd3 14. Bxd3 Qxd3 15. Qxd3 exd3 16. f3 a5 17. Bb2 axb4 18. axb4 Nd7 19. Kf2 Be6 20. c5 f5 21. Rxa8 Rxa8 22. Ra1 Rxa1 23. Bxa1 c6 24. h4 b6 25. Bd4 bxc5 26. bxc5 Nb8 27. Kg3 Kf7 28. Kf4 g6 29. e4 Na6 30. Ke3 Nb4 31. exf5 Bxf5 32. Kf4 Nc2 33. Bf2 h5 34. g4 hxg4 35. fxg4 Bc8 36. Kg5 Nb4 37. h5 gxh5 38. gxh5 Nd5 39. Bd4 Nc7 40. Be3 Ne6+ 41. Kh4 Kf6 42. Nf3 Kf5 43. h6 Kg6 44. Ne5+ Kh7 45. Nxd3 Ba6 46. Ne5 Be2 47. Nxc6 Nxc5 48. Bxc5 Kxh6 1/2-1/2

[Event "St Petersburg Blitz"]
[Site "St Petersburg"]
[Date "2021.12.12"]
[Round "3"]
[White "Ivanov, Sergey"]
[Black "Yevseev, Denis"]
[Result "0-1"]
[WhiteElo "2462"]
[BlackElo "2474"]
[PlyCount "96"]
[EventDate "2021.12.12"]
[EventType "tourn (blitz)"]
[EventRounds "21"]
[EventCountry "RUS"]
[EventCategory "11"]
[SourceTitle "CBM 205 Extra"]
[Source "ChessBase"]
[SourceDate "2022.01.31"]
[SourceVersion "1"]
[SourceVersionDate "2022.01.31"]
[SourceQuality "1"]

1. d4 d5 2. c4 c6 3. Nc3 Nf6 4. e3 e6 5. Nf3 Nbd7 6. Bd3 dxc4 7. Bxc4 b5 8. Bd3 Bd6 9. 0-0 0-0 10. b3 Bb7 11. Bb2 a6 12. a4 Qe7 13. Qe2 e5 14. dxe5 Nxe5 15. Nxe5 Bxe5 16. Rac1 Rad8 17. Rfd1 Rfe8 18. h3 Bb8 19. Bb1 Qe5 20. g3 Qe6 21. Rxd8 Rxd8 22. Rd1 Re8 23. Qc2 Qxh3 24. Qf5 Qxf5 25. Bxf5 h6 26. Bh3 b4 27. Ne2 c5 28. Bg2 Bxg2 29. Kxg2 Be5 30. Bxe5 Rxe5 31. Nf4 g5 32. Rd8+ Kg7 33. Nd3 Rf5 34. Rc8 Ne4 35. f3 Nd2 36. Rxc5 Rf6 37. Nxb4 Nxf3 38. Rc6 Ne1+ 39. Kg1 Rf3 40. Nxa6 Rxe3 41. Kf2 Re5 42. Nc5 Rxc5 43. Rxc5 Nd3+ 44. Ke3 Nxc5 45. a5 Na6 46. Kd4 h5 47. Kc4 h4 48. gxh4 gxh4 0-1

[Event "Botvinnik Cup"]
[Site "Moscow"]
[Date "2020.12.20"]
[Round "3.2"]
[White "Ivanov, Sergey"]
[Black "Siniauski, Artsiom"]
[Result "1-0"]
[WhiteElo "2462"]
[BlackElo "2275"]
[PlyCount "59"]
[EventDate "2020.12.18"]
[EventType "team-tourn"]
[EventRounds "5"]
[EventCountry "RUS"]
[SourceTitle "CBM 199 Extra"]
[Source "ChessBase"]
[SourceDate "2021.01.31"]
[SourceVersion "1"]
[SourceVersionDate "2021.01.31"]
[SourceQuality "1"]
[WhiteTeam "St Petersburg"]
[BlackTeam "Belarus"]
[WhiteTeamCountry "RUS"]
[BlackTeamCountry "BLR"]

1. Nf3 Nf6 2. c4 b6 3. g3 Bb7 4. Bg2 e6 5. 0-0 Be7 6. Nc3 c6 7. d4 d5 8. b3 0-0 9. Bb2 Nbd7 10. Qc2 c5 11. cxd5 Nxd5 12. Nxd5 Bxd5 13. e4 Bb7 14. d5 exd5 15. exd5 Nf6 16. Ng5 h6 17. d6 Qxd6 18. Bxb7 hxg5 19. Rad1 Qb8 20. Bxa8 Qxa8 21. Rfe1 Bd8 22. Qf5 Nh7 23. Qd5 Qc8 24. Qd7 Qa6 25. Re8 Bf6 26. Bxf6 gxf6 27. Qe7 Kg7 28. Rd7 g4 29. Rxf8 Ng5 30. Rxf7+ 1-0

[Event "Botvinnik Cup"]
[Site "Moscow"]
[Date "2020.12.20"]
[Round "3.3"]
[White "Zverev, Lev"]
[Black "Ivanov, Sergey"]
[Result "1/2-1/2"]
[WhiteElo "2053"]
[BlackElo "2462"]
[PlyCount "99"]
[EventDate "2020.12.18"]
[EventType "team-tourn"]
[EventRounds "5"]
[EventCountry "RUS"]
[SourceTitle "CBM 199 Extra"]
[Source "ChessBase"]
[SourceDate "2021.01.31"]
[SourceVersion "1"]
[SourceVersionDate "2021.01.31"]
[SourceQuality "1"]
[WhiteTeam "Belarus"]
[BlackTeam "St Petersburg"]
[WhiteTeamCountry "BLR"]
[BlackTeamCountry "RUS"]

1. e4 c5 2. Nf3 Nc6 3. d4 cxd4 4. Nxd4 e6 5. Nc3 Qc7 6. Be3 Nf6 7. f4 Bb4 8. Ndb5 Qa5 9. e5 Nd5 10. Bd2 Nxc3 11. Bxc3 0-0 12. Qd2 f6 13. exf6 Rxf6 14. g3 d5 15. Bxb4 Qxb4 16. Qxb4 Nxb4 17. Nd4 Bd7 18. c3 Nc6 19. 0-0-0 Nxd4 20. Rxd4 Raf8 21. Bg2 g5 22. fxg5 Rf2 23. Rg1 Bc6 24. Rdd1 Ba4 25. b3 Rxa2 26. bxa4 Rff2 27. Kb1 Rxg2 28. Rxg2 Rxg2 29. c4 Rxh2 30. cxd5 exd5 31. Rxd5 Rf2 32. Rd7 Rf7 33. Rd6 Kg7 34. Kb2 b6 35. Kb3 Rf5 36. Rd7+ Kg6 37. Rxa7 Rxg5 38. Rb7 Rxg3+ 39. Kb4 h5 40. Rxb6+ Kg5 41. Rb8 h4 42. Rg8+ Kf4 43. Rh8 Kg4 44. a5 Re3 45. a6 Re7 46. Kb5 h3 47. Kb6 Kg3 48. a7 Rxa7 49. Rxh3+ Kxh3 50. Kxa7 1/2-1/2

[Event "Rilton Cup 49th"]
[Site "Stockholm"]
[Date "2020.01.02"]
[Round "6"]
[White "Estremera Panos, Sergio"]
[Black "Ivanov, Sergey"]
[Result "0-1"]
[WhiteElo "2307"]
[BlackElo "2478"]
[PlyCount "40"]
[EventDate "2019.12.27"]
[EventType "swiss"]
[EventRounds "9"]
[EventCountry "SWE"]
[SourceTitle "CBM 194 Extra"]
[Source "ChessBase"]
[SourceDate "2020.03.31"]
[SourceVersion "1"]
[SourceVersionDate "2020.03.31"]
[SourceQuality "1"]

1. d4 Nf6 2. c4 e6 3. Nf3 d5 4. Nc3 dxc4 5. e3 a6 6. a4 b6 7. Bxc4 Bb7 8. 0-0 Bb4 9. Qe2 0-0 10. Bd3 c5 11. dxc5 Bxc5 12. e4 Nbd7 13. Bf4 Nh5 14. Bd2 Qc7 15. e5 Bxf3 16. gxf3 Nxe5 17. Be4 Rad8 18. Bg5 Nf6 19. Rac1 Qb8 20. Qxa6 Nxe4 0-1

[Event "Rilton Cup 49th"]
[Site "Stockholm"]
[Date "2019.12.31"]
[Round "5"]
[White "Ivanov, Sergey"]
[Black "Levi, Netanel"]
[Result "1-0"]
[WhiteElo "2478"]
[BlackElo "2247"]
[PlyCount "63"]
[EventDate "2019.12.27"]
[EventType "swiss"]
[EventRounds "9"]
[EventCountry "SWE"]
[SourceTitle "CBM 194 Extra"]
[Source "ChessBase"]
[SourceDate "2020.03.31"]
[SourceVersion "1"]
[SourceVersionDate "2020.03.31"]
[SourceQuality "1"]

1. d4 d6 2. Nf3 Nf6 3. c4 g6 4. Nc3 Nbd7 5. e4 e5 6. Be2 Bg7 7. 0-0 0-0 8. Re1 Re8 9. Bf1 a6 10. Rb1 exd4 11. Nxd4 c6 12. b4 c5 13. bxc5 dxc5 14. Nf3 Ng4 15. Nd5 Nde5 16. h3 Nxf3+ 17. Qxf3 Ne5 18. Qg3 Nc6 19. Bg5 f6 20. Bf4 Ne5 21. Qa3 g5 22. Bg3 g4 23. hxg4 Bxg4 24. Rxb7 f5 25. exf5 Nf3+ 26. gxf3 Rxe1 27. fxg4 Qg5 28. Qf3 Qc1 29. Ne3 Rf8 30. Qd5+ Kh8 31. Rxg7 Kxg7 32. Be5+ 1-0

[Event "Rilton Cup 49th"]
[Site "Stockholm"]
[Date "2019.12.28"]
[Round "2"]
[White "Ippolito, Dean"]
[Black "Ivanov, Sergey"]
[Result "1-0"]
[WhiteElo "2356"]
[BlackElo "2478"]
[PlyCount "81"]
[EventDate "2019.12.27"]
[EventType "swiss"]
[EventRounds "9"]
[EventCountry "SWE"]
[SourceTitle "CBM 194 Extra"]
[Source "ChessBase"]
[SourceDate "2020.03.31"]
[SourceVersion "1"]
[SourceVersionDate "2020.03.31"]
[SourceQuality "1"]

1. d4 d5 2. c4 c6 3. Nf3 Nf6 4. Nc3 e6 5. e3 Nbd7 6. Qc2 Bd6 7. Bd3 0-0 8. 0-0 dxc4 9. Bxc4 e5 10. h3 h6 11. Rd1 Qc7 12. Bd2 Re8 13. dxe5 Nxe5 14. Nxe5 Bxe5 15. Rac1 Be6 16. Bxe6 Rxe6 17. Ne2 Ne4 18. Be1 Rae8 19. Nd4 Rf6 20. Kh1 Bd6 21. Kg1 Qe7 22. Nf3 Rg6 23. Rd4 c5 24. Rd3 Ng5 25. Nxg5 Qxg5 26. f4 Qf5 27. Rb3 Qd5 28. Qd2 Qe4 29. Qc2 Qc6 30. f5 Rf6 31. Bh4 g5 32. fxg6 Rxg6 33. Rf1 c4 34. Rc3 Re4 35. Qf2 Qd5 36. Bf6 Bc5 37. Kh1 Rxe3 38. Rxe3 Bxe3 39. Qe2 Qd3 40. Rd1 Bd2 41. Qe8+ 1-0

[Event "Rilton Cup 49th"]
[Site "Stockholm"]
[Date "2019.12.27"]
[Round "1"]
[White "Ivanov, Sergey"]
[Black "Namitbir, Singh Walia"]
[Result "1-0"]
[WhiteElo "2478"]
[BlackElo "2144"]
[PlyCount "69"]
[EventDate "2019.12.27"]
[EventType "swiss"]
[EventRounds "9"]
[EventCountry "SWE"]
[SourceTitle "CBM 194 Extra"]
[Source "ChessBase"]
[SourceDate "2020.03.31"]
[SourceVersion "1"]
[SourceVersionDate "2020.03.31"]
[SourceQuality "1"]

1. d4 d5 2. c4 e6 3. Nc3 Nf6 4. Bg5 Be7 5. Nf3 Nbd7 6. e3 0-0 7. Qc2 h6 8. cxd5 hxg5 9. dxe6 fxe6 10. Nxg5 Nb6 11. h4 Nbd5 12. h5 Bb4 13. h6 Qe8 14. Bd3 Ne7 15. 0-0-0 Bxc3 16. bxc3 g6 17. Rh3 Nh7 18. Nf3 e5 19. Rg3 Nf5 20. Bxf5 Bxf5 21. e4 Bd7 22. Re1 exd4 23. cxd4 Rf6 24. d5 Ba4 25. Qc3 Qf8 26. Rh1 Rb6 27. Rh4 Qf6 28. e5 Qf5 29. Nd2 Be8 30. Ne4 Rd8 31. e6 Qf8 32. Rf3 Qe7 33. Rf7 Qa3+ 34. Qxa3 Bxf7 35. Qc3 1-0

[Event "Leiden op-A 13th"]
[Site "Leiden"]
[Date "2019.07.20"]
[Round "8"]
[White "Van Vliet, Jeffrey"]
[Black "Ivanov, Sergey"]
[Result "1/2-1/2"]
[WhiteElo "2380"]
[BlackElo "2496"]
[PlyCount "113"]
[EventDate "2019.07.12"]
[EventType "swiss"]
[EventRounds "9"]
[EventCountry "NED"]
[SourceTitle "EXT 2020"]
[Source "ChessBase"]
[SourceDate "2019.10.17"]
[SourceVersion "1"]
[SourceVersionDate "2019.10.17"]
[SourceQuality "1"]

1. e4 e6 2. d4 d5 3. Nc3 Bb4 4. e5 c5 5. Bd2 Ne7 6. Nb5 Bxd2+ 7. Qxd2 0-0 8. Nf3 Nbc6 9. c3 a6 10. Na3 cxd4 11. cxd4 f6 12. exf6 Rxf6 13. Bd3 Qb6 14. 0-0-0 Bd7 15. Nc2 Be8 16. Rde1 Bg6 17. Kb1 Bxd3 18. Qxd3 Ng6 19. Ng5 Rxf2 20. Rxe6 Nf8 21. Re2 Rxe2 22. Qxe2 Nxd4 23. Qe5 Nde6 24. Qxd5 Rd8 25. Qf5 Nxg5 26. Qxg5 Ne6 27. Qe5 Qd6 28. Qxd6 Rxd6 29. Re1 Kf7 30. Ne3 Rd2 31. Kc1 Rf2 32. Rf1 Rxf1+ 33. Nxf1 Kf6 34. Kd2 Ke5 35. Ne3 h5 36. Nc4+ Kd4 37. Nd6 b5 38. Nf5+ Ke5 39. Ne7 Ke4 40. Nc6 Nf4 41. g3 Ne6 42. Nb4 a5 43. Nc6 Kf3 44. Nxa5 Kg2 45. Ke3 Kxh2 46. Kf2 Ng5 47. b3 Ne4+ 48. Kf3 Nxg3 49. a4 bxa4 50. bxa4 g5 51. Nc4 g4+ 52. Kf4 Ne2+ 53. Kg5 g3 54. Ne3 Kg1 55. Nf5 Kf2 56. Nxg3 Kxg3 57. Kxh5 1/2-1/2

[Event "Leiden op-A 13th"]
[Site "Leiden"]
[Date "2019.07.19"]
[Round "7"]
[White "Ivanov, Sergey"]
[Black "Lenaerts, Lennert"]
[Result "1-0"]
[WhiteElo "2496"]
[BlackElo "2355"]
[PlyCount "61"]
[EventDate "2019.07.12"]
[EventType "swiss"]
[EventRounds "9"]
[EventCountry "NED"]
[SourceTitle "EXT 2020"]
[Source "ChessBase"]
[SourceDate "2019.10.17"]
[SourceVersion "1"]
[SourceVersionDate "2019.10.17"]
[SourceQuality "1"]

1. Nf3 d5 2. e3 Nf6 3. c4 c6 4. Nc3 g6 5. d4 Bg7 6. Be2 0-0 7. 0-0 Bg4 8. cxd5 cxd5 9. Qb3 b6 10. h3 Bc8 11. Ne5 Bb7 12. Bd2 Nc6 13. Rfc1 Nxe5 14. dxe5 Nd7 15. f4 Nc5 16. Qd1 d4 17. Nb5 d3 18. Bf3 Bxf3 19. Qxf3 f6 20. b4 Ne6 21. Qc6 Kf7 22. Qe4 Qd7 23. Rc6 Rac8 24. Rac1 Rxc6 25. Rxc6 Rc8 26. Rxc8 Qxc8 27. exf6 Qc2 28. Nd4 Qd1+ 29. Kh2 Bxf6 30. Qxe6+ Kg7 31. Nf3 1-0

[Event "Leiden op-A 13th"]
[Site "Leiden"]
[Date "2019.07.15"]
[Round "4"]
[White "Van der Werf, Mark"]
[Black "Ivanov, Sergey"]
[Result "1/2-1/2"]
[WhiteElo "2394"]
[BlackElo "2496"]
[PlyCount "81"]
[EventDate "2019.07.12"]
[EventType "swiss"]
[EventRounds "9"]
[EventCountry "NED"]
[SourceTitle "EXT 2020"]
[Source "ChessBase"]
[SourceDate "2019.10.17"]
[SourceVersion "1"]
[SourceVersionDate "2019.10.17"]
[SourceQuality "1"]

1. c4 e5 2. Nc3 Nc6 3. Nf3 f5 4. g3 Nf6 5. d4 e4 6. Nh4 g6 7. Bg5 Bg7 8. e3 d6 9. Ng2 0-0 10. Nf4 Ne7 11. Qb3 c6 12. Be2 h6 13. Bxf6 Bxf6 14. h4 c5 15. dxc5 dxc5 16. Ncd5 Nxd5 17. cxd5 Qa5+ 18. Kf1 Kg7 19. Rd1 Qb6 20. Rd2 Qxb3 21. axb3 Rd8 22. Kg2 Be5 23. Rhd1 Kf6 24. f3 exf3+ 25. Bxf3 Rd6 26. Nd3 b6 27. b4 c4 28. Nxe5 Kxe5 29. Re1 Kf6 30. e4 fxe4 31. Rxe4 b5 32. Rf4+ Kg7 33. Re2 Rd7 34. d6 Bb7 35. Bxb7 Rxb7 36. Re6 Rf7 37. Rg4 Rf6 38. Re7+ Rf7 39. Re6 Rf6 40. Re7+ Rf7 41. Re6 1/2-1/2

[Event "Leiden op-A 13th"]
[Site "Leiden"]
[Date "2019.07.14"]
[Round "3"]
[White "Ivanov, Sergey"]
[Black "Kollen, Zyon"]
[Result "1-0"]
[WhiteElo "2496"]
[BlackElo "2362"]
[PlyCount "57"]
[EventDate "2019.07.12"]
[EventType "swiss"]
[EventRounds "9"]
[EventCountry "NED"]
[SourceTitle "EXT 2020"]
[Source "ChessBase"]
[SourceDate "2019.10.17"]
[SourceVersion "1"]
[SourceVersionDate "2019.10.17"]
[SourceQuality "1"]

1. d4 e6 2. c4 d5 3. Nc3 c6 4. e3 Nf6 5. Nf3 Nbd7 6. Qc2 Bd6 7. b3 b6 8. Be2 Bb7 9. 0-0 0-0 10. Bb2 Re8 11. Rad1 Qc7 12. h3 a6 13. e4 e5 14. dxe5 Nxe5 15. Nd4 dxe4 16. Nf5 Bf8 17. Nxe4 Nxe4 18. Qxe4 Ng6 19. Qc2 c5 20. Ne3 Nf4 21. Bg4 h5 22. Rd7 Qc6 23. Qf5 Rxe3 24. Qxf7+ Kh7 25. Bf5+ Kh6 26. Bxg7+ Kg5 27. h4+ Kxh4 28. Qf6+ Qxf6 29. Bxf6# 1-0

[Event "RUS-chT 26th"]
[Site "Sochi"]
[Date "2019.05.05"]
[Round "5.6"]
[White "Ivanov, Sergey"]
[Black "Nozdrachev, Leonid"]
[Result "0-1"]
[WhiteElo "2504"]
[BlackElo "2367"]
[PlyCount "90"]
[EventDate "2019.05.01"]
[EventType "team-tourn"]
[EventRounds "9"]
[EventCountry "RUS"]
[SourceTitle "CBM 190 Extra"]
[Source "ChessBase"]
[SourceDate "2019.07.15"]
[SourceVersion "1"]
[SourceVersionDate "2019.07.15"]
[SourceQuality "1"]
[WhiteTeam "St Petersburg Muzhskoe Dvizhenie"]
[BlackTeam "Moscow Region"]
[WhiteTeamCountry "RUS"]
[BlackTeamCountry "RUS"]

1. d4 Nf6 2. c4 e6 3. Nf3 d5 4. Nc3 c5 5. cxd5 Nxd5 6. e3 Nxc3 7. bxc3 Be7 8. Bd3 Nc6 9. 0-0 0-0 10. Qe2 b6 11. Bb2 Bb7 12. Rad1 cxd4 13. exd4 Rc8 14. Rfe1 Bf6 15. Qe4 g6 16. Qf4 Na5 17. Ne5 Bd5 18. Ba3 Bg5 19. Qg4 Be7 20. Bb4 Bxb4 21. cxb4 Nc6 22. Ba6 Rc7 23. a3 Nxe5 24. dxe5 Rc3 25. Bb7 Rxa3 26. Bxd5 exd5 27. e6 Qe7 28. Rxd5 fxe6 29. f3 Ra1 30. Rde5 Rxe1+ 31. Rxe1 Rf5 32. Qc4 Kf7 33. Rd1 a5 34. Qc8 Rd5 35. Rc1 Rd8 36. Qc3 axb4 37. Qe5 b3 38. Rc6 b2 39. Qxb2 Rd1+ 40. Kf2 Qh4+ 41. Ke3 Re1+ 42. Kd3 Qd8+ 43. Kc3 Qh8+ 44. Kb3 Re3+ 45. Ka2 Qa8+ 0-1

[Event "Agzamov Memorial 13th"]
[Site "Tashkent"]
[Date "2019.03.18"]
[Round "9"]
[White "Ivanov, Sergey"]
[Black "Kurbonboeva, Sarvinoz"]
[Result "1-0"]
[WhiteElo "2509"]
[BlackElo "2273"]
[PlyCount "105"]
[EventDate "2019.03.12"]
[EventType "swiss"]
[EventRounds "9"]
[EventCountry "UZB"]
[SourceTitle "CBM 189 Extra"]
[Source "ChessBase"]
[SourceDate "2019.05.31"]
[SourceVersion "1"]
[SourceVersionDate "2019.05.31"]
[SourceQuality "1"]

1. d4 Nf6 2. c4 g6 3. Nc3 Bg7 4. e4 d6 5. Be2 0-0 6. Bg5 Na6 7. Nf3 h6 8. Bh4 e5 9. 0-0 c6 10. Re1 exd4 11. Nxd4 Qb6 12. Nb3 Nc5 13. Nxc5 Qxc5 14. Bg3 Ne8 15. Qd2 Be6 16. Rac1 Rd8 17. Red1 Qb4 18. b3 Kh7 19. Bf3 Rd7 20. h3 Be5 21. Bf4 g5 22. Bxe5 dxe5 23. Qe3 b6 24. Bg4 Rxd1+ 25. Rxd1 Ng7 26. Bf5+ Kg8 27. g4 Qe7 28. Qd2 Rc8 29. Ne2 Kf8 30. Ng3 Ke8 31. Qc3 Bxf5 32. exf5 Rd8 33. Rxd8+ Kxd8 34. Ne4 Ne8 35. c5 Kc7 36. Qd3 Qd8 37. Qa6 Kb8 38. cxb6 axb6 39. Kg2 Qd4 40. Qc4 Qxc4 41. bxc4 Kc7 42. Kf3 Nd6 43. c5 Ne8 44. Ke3 b5 45. Kd3 f6 46. Kc3 Kb7 47. Kb4 Ka6 48. a3 Kb7 49. Ka5 Ka7 50. f3 Kb7 51. Nd6+ Nxd6 52. cxd6 Kc8 53. Kb6 1-0

[Event "Agzamov Memorial 13th"]
[Site "Tashkent"]
[Date "2019.03.16"]
[Round "7"]
[White "Ivanov, Sergey"]
[Black "Saydaliev, Saidakbar"]
[Result "0-1"]
[WhiteElo "2509"]
[BlackElo "2390"]
[PlyCount "102"]
[EventDate "2019.03.12"]
[EventType "swiss"]
[EventRounds "9"]
[EventCountry "UZB"]
[SourceTitle "CBM 189 Extra"]
[Source "ChessBase"]
[SourceDate "2019.05.31"]
[SourceVersion "1"]
[SourceVersionDate "2019.05.31"]
[SourceQuality "1"]

1. d4 Nf6 2. c4 c5 3. d5 e6 4. Nc3 exd5 5. cxd5 g6 6. Nf3 d6 7. Nd2 Bg7 8. e4 0-0 9. Be2 Re8 10. 0-0 Nbd7 11. a4 a6 12. Ra3 Rb8 13. a5 h6 14. Qc2 Nh7 15. Nc4 Ne5 16. Nb6 g5 17. Nd1 Bd7 18. Ne3 Ng6 19. Nxd7 Qxd7 20. Nf5 Nf6 21. f3 Bf8 22. Rf2 Ne7 23. Ng3 Bg7 24. Bd2 Nh7 25. Bc3 Bxc3 26. Qxc3 f6 27. f4 Ng6 28. Nf5 Nxf4 29. Nxh6+ Kh8 30. Bg4 Qe7 31. g3 Ng6 32. Be6 Ne5 33. Nf5 Qc7 34. h4 g4 35. Qc1 b5 36. Qh6 b4 37. Ra1 b3 38. Raf1 Rb4 39. Rf4 c4 40. Kg2 Ra4 41. h5 c3 42. bxc3 Rxa5 43. Nh4 Qg7 44. Rxf6 Ra2+ 45. Kh1 Qxh6 46. Rxh6 b2 47. Ng6+ Kg7 48. Nxe5 Kxh6 49. Nxg4+ Kxh5 50. Bf7+ Kxg4 51. Bxe8 Ra1 0-1

[Event "Agzamov Memorial 13th"]
[Site "Tashkent"]
[Date "2019.03.15"]
[Round "6"]
[White "Khusenkhojaev, Muhammad"]
[Black "Ivanov, Sergey"]
[Result "1/2-1/2"]
[WhiteElo "2441"]
[BlackElo "2509"]
[PlyCount "46"]
[EventDate "2019.03.12"]
[EventType "swiss"]
[EventRounds "9"]
[EventCountry "UZB"]
[SourceTitle "CBM 189 Extra"]
[Source "ChessBase"]
[SourceDate "2019.05.31"]
[SourceVersion "1"]
[SourceVersionDate "2019.05.31"]
[SourceQuality "1"]

1. Nf3 Nf6 2. c4 e6 3. Nc3 d5 4. cxd5 exd5 5. d4 c6 6. Bg5 Be7 7. Qc2 g6 8. e3 Bf5 9. Bd3 Bxd3 10. Qxd3 Nbd7 11. 0-0 0-0 12. Nd2 Kg7 13. Rab1 a5 14. a3 Ne8 15. Bxe7 Qxe7 16. b4 axb4 17. axb4 b5 18. e4 dxe4 19. Ndxe4 Nef6 20. d5 cxd5 21. Nxf6 Nxf6 22. Nxb5 Qe4 23. Qd4 Qe5 1/2-1/2

[Event "Agzamov Memorial 13th"]
[Site "Tashkent"]
[Date "2019.03.14"]
[Round "4"]
[White "Urazayev, Arystanbek"]
[Black "Ivanov, Sergey"]
[Result "1/2-1/2"]
[WhiteElo "2450"]
[BlackElo "2509"]
[PlyCount "87"]
[EventDate "2019.03.12"]
[EventType "swiss"]
[EventRounds "9"]
[EventCountry "UZB"]
[SourceTitle "CBM 189 Extra"]
[Source "ChessBase"]
[SourceDate "2019.05.31"]
[SourceVersion "1"]
[SourceVersionDate "2019.05.31"]
[SourceQuality "1"]

1. e4 e6 2. d4 d5 3. Nd2 c5 4. exd5 Qxd5 5. Ngf3 cxd4 6. Bc4 Qd6 7. 0-0 Nf6 8. Nb3 Nc6 9. Nbxd4 Nxd4 10. Nxd4 a6 11. Re1 Qc7 12. Bb3 Bd7 13. Qf3 Bd6 14. h3 0-0-0 15. Bg5 Qc5 16. Be3 Qe5 17. g3 Qe4 18. Rad1 Bc6 19. Qxe4 Bxe4 20. f3 Bg6 21. Kf2 h5 22. Ne2 Be5 23. c3 Rxd1 24. Rxd1 Rd8 25. Rxd8+ Kxd8 26. Bf4 Bxf4 27. Nxf4 Bb1 28. h4 Ke7 29. Ke3 Kd6 30. a3 e5 31. Nd3 Nd5+ 32. Kd2 f6 33. Nc1 g5 34. Ne2 Bg6 35. Ba2 Ne7 36. hxg5 fxg5 37. Ke3 a5 38. b4 b6 39. Bc4 Nd5+ 40. Kf2 Bc2 41. Ng1 Nxc3 42. bxa5 bxa5 43. Bf7 h4 44. Nh3 1/2-1/2

[Event "Rilton Cup 48th"]
[Site "Stockholm"]
[Date "2019.01.05"]
[Round "9"]
[White "Ivanov, Sergey"]
[Black "Zou, Chen"]
[Result "1/2-1/2"]
[WhiteElo "2524"]
[BlackElo "2384"]
[PlyCount "138"]
[EventDate "2018.12.27"]
[EventType "swiss"]
[EventRounds "9"]
[EventCountry "SWE"]
[SourceTitle "CBM 188 Extra"]
[Source "ChessBase"]
[SourceDate "2019.02.28"]
[SourceVersion "1"]
[SourceVersionDate "2019.02.28"]
[SourceQuality "1"]

1. d4 Nf6 2. c4 g6 3. Nc3 Bg7 4. e4 d6 5. Be2 0-0 6. Bg5 Na6 7. Nf3 e5 8. dxe5 dxe5 9. Qxd8 Rxd8 10. Nd5 Rd6 11. Bxf6 Bxf6 12. Nxf6+ Rxf6 13. Nxe5 Re6 14. f4 Nc5 15. 0-0-0 f6 16. Ng4 Nxe4 17. Bf3 Kg7 18. Rhe1 Nc5 19. Nf2 a5 20. Ne4 Nxe4 21. Rxe4 Rxe4 22. Bxe4 Ra7 23. Rd8 Be6 24. Bd5 Bf5 25. Kd2 c6 26. Bf3 Ra6 27. Kc3 a4 28. Rb8 Rb6 29. Ra8 g5 30. fxg5 fxg5 31. Ra5 c5 32. Rxc5 Kf6 33. Ra5 Re6 34. Rxa4 b6 35. Rb4 g4 36. Bd5 Rd6 37. Kd4 Be6 38. Ke4 Bd7 39. g3 Ke7 40. Ke5 Rh6 41. Rb3 Bc8 42. Kf4 Rf6+ 43. Ke3 Rh6 44. Kd4 Kd8 45. Be4 Kc7 46. Ra3 Rxh2 47. b4 Kb8 48. Ra8+ Kc7 49. c5 bxc5+ 50. Kxc5 Rh5+ 51. Kd4 Bd7 52. a4 Rh3 53. Ra7+ Kd6 54. Ra6+ Ke7 55. Bc6 Bc8 56. Ra8 Be6 57. b5 Kd6 58. Bd5 Bxd5 59. Ra6+ Kc7 60. Kxd5 Rxg3 61. Ra7+ Kb6 62. Rxh7 Ra3 63. Rh6+ Kb7 64. Kc5 Rxa4 65. Rh7+ Kc8 66. Kb6 Rd4 67. Rg7 Rd6+ 68. Kc5 Rd7 69. Rxg4 Kb7 1/2-1/2